Powerful Budgeting for Better Planning & Management (Record no. 345230)

000 -LEADER
fixed length control field 00405 a2200145 4500
020 ## - INTERNATIONAL STANDARD BOOK NUMBER
International Standard Book Number 0814450466
024 ## - OTHER STANDARD IDENTIFIER
Standard number or code 9780814450468
082 ## - DEWEY DECIMAL CLASSIFICATION NUMBER
Classification number 658.154
090 ## - LOCALLY ASSIGNED LC-TYPE CALL NUMBER (OCLC); LOCAL CALL NUMBER (RLIN)
-- 2739
-- 2739
100 ## - MAIN ENTRY--PERSONAL NAME
Personal name Finney Robert G.
245 ## - TITLE STATEMENT
Title Powerful Budgeting for Better Planning & Management
Statement of responsibility, etc. Robert G. Finney
260 ## - PUBLICATION, DISTRIBUTION, ETC.
Place of publication, distribution, etc. New York
Name of publisher, distributor, etc. American Management Association
Date of publication, distribution, etc. 1993
300 ## - PHYSICAL DESCRIPTION
Extent 744
942 ## - ADDED ENTRY ELEMENTS (KOHA)
Institution code [OBSOLETE] NBS
Koha item type Book
Call number prefix 658.154 FIN
Holdings
Withdrawn status Lost status Damaged status Not for loan Permanent Location Current Location Date acquired Total Checkouts Full call number Barcode Date last seen Price effective from Koha item type
        Central Library (CL) Central Library (CL) 08/28/2013   658.154 FIN NBS744 08/28/2013 08/28/2013 Book
        Central Library (CL) Central Library (CL) 08/28/2013   658.154 FIN NBS717 08/28/2013 08/28/2013 Book
© 2023 Central Library, National University of Sciences and Technology. All Rights Reserved.